Anabolic Steroid Use and Intimate Partner Violence Among Sexual Minority Men

This study examined the relationship between intimate partner violence (IPV) and use of anabolic-androgenic steroids (AAS), in a relationship context, among men who have sex with men (MSM). The sample was collected online via Prolific.co and consisted of 491 MSM. Data were analyzed using structural...

Descripción completa

Guardado en:  
Detalles Bibliográficos
Autores principales: Parent, Mike C. (Autor) ; Johnson, Nicole L. (Autor)
Tipo de documento: Electrónico Artículo
Lenguaje:Inglés
Publicado: 2023
En: Journal of interpersonal violence
Año: 2023, Volumen: 38, Número: 9/10, Páginas: 6676-6694
Acceso en línea: Volltext (lizenzpflichtig)
Verificar disponibilidad: HBZ Gateway
Palabras clave:

MARC

LEADER 00000naa a22000002c 4500
001 1841713783
003 DE-627
005 20230406043612.0
007 cr uuu---uuuuu
008 230406s2023 xx |||||o 00| ||eng c
024 7 |a 10.1177/08862605221137704  |2 doi 
035 |a (DE-627)1841713783 
035 |a (DE-599)KXP1841713783 
040 |a DE-627  |b ger  |c DE-627  |e rda 
041 |a eng 
084 |a 2,1  |2 ssgn 
100 1 |a Parent, Mike C.  |e VerfasserIn  |4 aut 
245 1 0 |a Anabolic Steroid Use and Intimate Partner Violence Among Sexual Minority Men 
264 1 |c 2023 
336 |a Text  |b txt  |2 rdacontent 
337 |a Computermedien  |b c  |2 rdamedia 
338 |a Online-Ressource  |b cr  |2 rdacarrier 
520 |a This study examined the relationship between intimate partner violence (IPV) and use of anabolic-androgenic steroids (AAS), in a relationship context, among men who have sex with men (MSM). The sample was collected online via Prolific.co and consisted of 491 MSM. Data were analyzed using structural equation modeling. While accounting for the influence of factors known to be linked to IPV (adverse childhood experiences and alcohol use), the use of AAS in a relationship context was uniquely linked to greater perpetration of IPV. AAS use was not uniquely linked to IPV victimization. Findings from this study contribute to literature on IPV among MSM by including a group-specific risk factor (AAS use) in modeling risk for IPV. Limitations, implications, and future directions for research are discussed. 
650 4 |a GLBT 
650 4 |a dating violence 
650 4 |a alcohol and drugs 
700 1 |a Johnson, Nicole L.  |e VerfasserIn  |4 aut 
773 0 8 |i Enthalten in  |t Journal of interpersonal violence  |d London [u.a.] : Sage, 1986  |g 38(2023), 9/10, Seite 6676-6694  |h Online-Ressource  |w (DE-627)324614721  |w (DE-600)2028900-5  |w (DE-576)276556305  |x 1552-6518  |7 nnas 
773 1 8 |g volume:38  |g year:2023  |g number:9/10  |g pages:6676-6694 
856 4 0 |u https://doi.org/10.1177/08862605221137704  |x Resolving-System  |z lizenzpflichtig  |3 Volltext  |7 1 
935 |a mkri 
951 |a AR 
ELC |a 1 
LOK |0 000 xxxxxcx a22 zn 4500 
LOK |0 001 4303103608 
LOK |0 003 DE-627 
LOK |0 004 1841713783 
LOK |0 005 20230406043612 
LOK |0 008 230406||||||||||||||||ger||||||| 
LOK |0 035   |a (DE-2619)KrimDok#2023-04-05#082D9D6AB9A7B59CF7C2F511BC0D8A2D8A0890CB 
LOK |0 040   |a DE-2619  |c DE-627  |d DE-2619 
LOK |0 092   |o n 
LOK |0 852   |a DE-2619 
LOK |0 852 1  |9 00 
LOK |0 935   |a zota 
LOK |0 939   |a 06-04-23  |b l01 
ORI |a SA-MARC-krimdoka001.raw